| 000 | 00836cam a2200253 a 4500 | ||
|---|---|---|---|
| 001 | 000005716 | ||
| 005 | 20200929151745.0 | ||
| 008 | 860123s1988 pr a b 000 0 spa | ||
| 020 | _a0940238861 (pbk.) | ||
| 040 |
_aDO-SdBNP _cDLC _dDLC |
||
| 082 |
_a972.95 _bP598h |
||
| 100 | 1 |
_aPicó, Fernándo. _916158 |
|
| 245 | 1 | 0 |
_aHistoria general de Puerto Rico / _cFernándo Picó. |
| 250 | _a8a ed. rev. y aum. | ||
| 260 |
_aRío Piedras, Puerto Rico : _bHuracán, _c1988. |
||
| 300 |
_a271 p. : _bil. ; _c23 cm. |
||
| 490 | 1 | _aHuracán academia | |
| 504 | _aIncluye referencias bibliográficas ( p. 293 ) | ||
| 651 | 4 |
_aPuerto Rico _xHistoria _91079 |
|
| 651 | 4 |
_aPuerto Rico _xCondiciones Económicas _916159 |
|
| 651 | 4 |
_aPuerto Rico _xEsclavitud _916160 |
|
| 830 | 0 |
_aHuracán academia _916161 |
|
| 910 | _aCatalogación por copia / LC | ||
| 999 |
_c5512 _d5512 |
||